Cestería: las técnicas de la cestería explicadas paso a paso (Registro nro. 3712)
[ vista simple ]
| 000 -Cabecera | |
|---|---|
| Campo de control de longitud fija | 00606aam a2200241 4500 |
| 005 - Fecha y hora de la última transacción | |
| Campo de control | 20240523161543.0 |
| 008 - Elementos de longitud fija--Información general | |
| Campo de control de longitud fija | 150306b xxu||||| |||| 00| 0 spa d |
| 020 ## - International Standard Book Number | |
| Número Internacional Estándar del Libro (ISBN) | 9788434228894 |
| 041 ## - Idioma | |
| Código de idioma | Español |
| 082 ## - Clasificación Decimal Dewey | |
| Número de clasificación | 746.412 H557c |
| 100 ## - Entrada principal--Autor personal | |
| Nombre personal | Hernández, Caterina |
| 9 (RLIN) | 14833 |
| 100 ## - Entrada principal--Autor personal | |
| Nombre personal | Pascual, Eva |
| 245 ## - Título propiamente dicho | |
| Título | Cestería: las técnicas de la cestería explicadas paso a paso |
| 260 ## - Pie de imprenta | |
| Lugar de publicación, distribución, etc. | España |
| 260 ## - Pie de imprenta | |
| Nombre del editor, distribuidor, etc. | Parramón |
| 260 ## - Pie de imprenta | |
| Fecha de publicación, distribución, etc. | 2006 |
| 300 ## - Descripción física | |
| Extensión | 144 páginas |
| 650 ## - Materia general | |
| Temática (materia general) | CESTERÍA |
| 650 ## - Materia general | |
| Temática (materia general) | HERRAMIENTAS |
| 650 ## - Materia general | |
| Temática (materia general) | TÉCNICAS BÁSICAS |
| 942 ## - Punto de acceso adicional KOHA | |
| Tipo de ítem KOHA | Libro |
| Fuente del sistema de clasificación o colocación | Dewey Decimal Classification |
| Signatura completa | Código de barras | Programa Académico | Tipo de ítem |
|---|---|---|---|
| 746.412 H557c | 18892 | Dirección de Educación Comunitaria y Asistencia Técnica | Libro |
| 746.412 H557c | 19138 | Dirección de Educación Comunitaria y Asistencia Técnica | Libro |